US States by Borders By First Two Letters - Statistics

General Stats
  • This quiz has been taken 519 times
  • The average score is 41 of 50
Answers on the Map
Answers color-coded by a green-red scale on the quiz's map according to % correct below.
 
Answer Stats
Bordering States State % Correct
Florida, Georgia, Mississippi, Tennessee Alabama
94%
Arkansas, Illinois, Iowa, Kansas, Kentucky, Nebraska, Oklahoma, Tennessee Missouri
94%
Colorado, Idaho, Montana, Nebraska, South Dakota, Utah Wyoming
93%
California, Colorado, Nevada, New Mexico, Utah Arizona
92%
Alabama, Florida, North Carolina, South Carolina, Tennessee Georgia
92%
Montana, Nevada, Oregon, Utah, Washington, Wyoming Idaho
92%
Alabama, Arkansas, Louisiana, Tennessee Mississippi
92%
Arizona, California, Idaho, Oregon, Utah Nevada
92%
Arizona, Colorado, Oklahoma, Texas, Utah New Mexico
92%
Arkansas, Colorado, Kansas, Missouri, New Mexico, Texas Oklahoma
92%
California, Idaho, Nevada, Washington Oregon
92%
Alabama, Arkansas, Georgia, Kentucky, Mississippi, Missouri, North Carolina, Virginia Tennessee
92%
Arizona, Nevada, Oregon California
90%
Colorado, Iowa, Kansas, Missouri, South Dakota, Wyoming Nebraska
90%
Arkansas, Louisiana, New Mexico, Oklahoma Texas
90%
Arizona, Colorado, Idaho, Nevada, New Mexico, Wyoming Utah
89%
Arizona, Kansas, Nebraska, New Mexico, Oklahoma, Utah, Wyoming Colorado
88%
Illinois, Indiana, Missouri, Ohio, Tennessee, Virginia, West Virginia Kentucky
88%
Iowa, Minnesota, Montana, Nebraska, North Dakota, Wyoming South Dakota
88%
Illinois, Minnesota, Missouri, Nebraska, South Dakota, Wisconsin Iowa
86%
Colorado, Missouri, Nebraska, Oklahoma Kansas
86%
Arkansas, Mississippi, Texas Louisiana
86%
Connecticut, Massachusetts, New Jersey, Pennsylvania, Vermont New York
85%
Massachusetts, New York, Rhode Island Connecticut
84%
Connecticut, New Hampshire, New York, Rhode Island, Vermont Massachusetts
84%
Minnesota, Montana, South Dakota North Dakota
84%
Delaware, Maryland, New Jersey, New York, Ohio, West Virginia Pennsylvania
84%
Alabama, Georgia Florida
83%
Kentucky, Maryland, North Carolina, Tennessee, West Virginia Virginia
83%
Idaho, North Dakota, South Dakota, Wyoming Montana
82%
Maryland, New Jersey, Pennsylvania Delaware
80%
Georgia, South Carolina, Tennessee, Virginia North Carolina
80%
Louisiana, Mississippi, Missouri, Oklahoma, Tennessee, Texas Arkansas
79%
Iowa, North Dakota, South Dakota, Wisconsin Minnesota
78%
Maine, Massachusetts, Vermont New Hampshire
78%
Massachusetts, New Hampshire, New York Vermont
78%
Idaho, Oregon Washington
78%
New Hampshire Maine
77%
Delaware, New York, Pennsylvania New Jersey
74%
Indiana, Iowa, Kentucky, Missouri, Wisconsin Illinois
73%
Indiana, Kentucky, Michigan, Pennsylvania, West Virginia Ohio
73%
Illinois, Kentucky, Michigan, Ohio Indiana
71%
Indiana, Ohio, Wisconsin Michigan
71%
Illinois, Iowa, Michigan, Minnesota Wisconsin
70%
Alaska
69%
Kentucky, Maryland, Ohio, Pennsylvania, Virginia West Virginia
66%
Delaware, Pennsylvania, Virginia, West Virginia Maryland
64%
Connecticut, Massachusetts Rhode Island
57%
Georgia, North Carolina South Carolina
52%
Hawaii
49%
No matching quizzes found
Score Distribution
Percent of People with Each Score
Percentile by Number Answered
Your Score History
You have not taken this quiz